000 01239nam a2200337 c 4500
003 BLK
005 20200728114401.0
008 180411b bul|||||r ||||||| ||bul||
010 _aKNG00180736000
040 _aBLK
041 _aBUL
_cBUL
080 _aГеография на България
_b913(497.2)
_x(23)(036)
_z913(497.2)(23)(036)
100 1 _aРадучев, Живко Стефанов
_9382906
139 _aРадучев, Живко Ст.
_bР 18
245 1 0 _aРила
_bПътеводител
_cЖивко Ст. Радучев.
250 _a2. прераб. и доп. изд.
257 _aBGR
260 София
_bМедицина и физкултура
_c1988
_fРусе : печ. Дунав
300 _a269 с.
_bс ил., сх., 1 л. к.
_c23 см
380 _a91
500 _aАвт. не е отбелязан на кор. - 1. изд. 1981. - 16 609 тир.
650 4 _aРила (пл.) - пътеводители
_9297672
651 4 _aРила
_9179442
653 _aРила
653 _aпътеводители
852 _aЦб 157855
856 4 _qpdf
_u
856 4 _qpdf
_u
942 _cKNG
_n0
944 _aCR
_c01.09.2015
_kПравда_Бадева
944 _aED
_c01.09.2015
_kПравда_Бадева
999 _c172413
_d172413